जातिवार जनगणना : संसद समाज और मीडिया (Record no. 31545)

MARC details
000 -LEADER
fixed length control field 00412nam a22001337a 4500
003 - CONTROL NUMBER IDENTIFIER
control field SGT
020 ## - INTERNATIONAL STANDARD BOOK NUMBER
International Standard Book Number 9788178312439
082 ## - DEWEY DECIMAL CLASSIFICATION NUMBER
Classification number 080
Item number J10Y
100 ## - MAIN ENTRY--PERSONAL NAME
Personal name यादव, शरद
245 ## - TITLE STATEMENT
Title जातिवार जनगणना : संसद समाज और मीडिया
260 ## - PUBLICATION, DISTRIBUTION, ETC. (IMPRINT)
Name of publisher, distributor, etc मानक पब्लिकेशंस प्रा. लि.
Year of Publication 2010
300 ## - PAGE DESCRIPTION
No. of Pages 224
942 ## - ADDED ENTRY ELEMENTS (KOHA)
Source of classification or shelving scheme Dewey Decimal Classification
Koha item type Books
Holdings
Withdrawn status Lost status Source of classification or shelving scheme Damaged status Not for loan Home library Current library Shelving location Date acquired SGTU Total Checkouts Full call number Accession No. (Barcode) Date last seen Bill Date Koha item type
    Dewey Decimal Classification   Not For Loan SGT Chancellor's Library SGT Chancellor's Library Reference Book 24/06/2025 SGTU   080 J10Y CH3545 24/06/2025 24/06/2025 Books